| 000 | 00370 a2200133 4500 | ||
|---|---|---|---|
| 245 |
_aEchoing silences _hprint |
||
| 020 | _a1779090021 | ||
| 700 | _aKanengoni, Alexander. | ||
| 650 | _aAfrican History | ||
| 005 | 20191017173138.0 | ||
| 260 |
_aHarare _bBaobab Books _c1997 |
||
| 084 | _aPR9390.9.K288 E24 | ||
| 300 |
_a90 p. : ill. _b 21 cm. _c90 p. : ill. ; 21 cm. |
||
| 500 | _aAlexander Kanengoni. | ||
| 999 |
_c9859 _d9859 |
||